Tiền tệ, ngân hàng và thị trường tài chính = The Economics of Money, Banking, and Financial Markets /
Công việc nghiên cứu ngân hàng, tiền tệ, thị trường tài chính Mỹ; Những cơ sở của lãi suất, các tổ chức tài chính; Quá trình cung ứng tiền tệ; Hệ thống dự trữ liên bang và chỉ đạo chính sách tiền tệ; Tài chính quốc tế; Lý thuyết tiền tệ....
Saved in:
| Main Author: | |
|---|---|
| Other Authors: | , |
| Format: | Book |
| Language: | Vietnamese English |
| Published: |
Hà Nội :
Khoa học và kỹ thuật,
1999.
|
| Subjects: | |
| Tags: |
Add Tag
No Tags, Be the first to tag this record!
|
| Institutions: | Mạng thư viện Đại học Đà Nẵng |
|---|
| LEADER | 01545cam a2200409 i 4500 | ||
|---|---|---|---|
| 001 | 000042320 | ||
| 003 | 194 | ||
| 005 | 20041028163941.0 | ||
| 008 | 010217b1999 vm 000 vie | ||
| 020 | |c 112000 | ||
| 022 | |a T1.3 | ||
| 040 | |a IRC |c IRC |d IRC | ||
| 041 | 1 | |a vie |h eng | |
| 082 | 1 | 4 | |a 332 |b MI-F |
| 100 | 1 | |a Mishkin, Frederic S. | |
| 245 | 1 | 0 | |a Tiền tệ, ngân hàng và thị trường tài chính = |b The Economics of Money, Banking, and Financial Markets / |c Frederic S. Mishkin ; Nguyễn Quang Cư, Nguyễn Đức Dỵ dịch. |
| 246 | 0 | 1 | |a The Economics of Money, Banking, and Financial Markets. |
| 260 | |a Hà Nội : |b Khoa học và kỹ thuật, |c 1999. | ||
| 300 | |a 955 tr. ; |c 24 cm. | ||
| 520 | 3 | |a Công việc nghiên cứu ngân hàng, tiền tệ, thị trường tài chính Mỹ; Những cơ sở của lãi suất, các tổ chức tài chính; Quá trình cung ứng tiền tệ; Hệ thống dự trữ liên bang và chỉ đạo chính sách tiền tệ; Tài chính quốc tế; Lý thuyết tiền tệ. | |
| 630 | 0 | 4 | |a Kinh tế. |
| 630 | 0 | 4 | |a Tài chính. |
| 650 | 0 | 4 | |a Ngân hàng. |
| 650 | 0 | 4 | |a Thị trường tài chính. |
| 650 | 0 | 4 | |a Tiền tệ. |
| 700 | 1 | |a Nguyễn Quang Cư, |e dịch. | |
| 700 | 1 | |a Nguyễn Đức Dỵ, |c PTS., |e dịch. | |
| OWN | |a DUT | ||
| 999 | |a From the UDN01 | ||
| TYP | |a Monograph | ||
| TYP | |a Printed language | ||
| 980 | |a Mạng thư viện Đại học Đà Nẵng | ||